000 00722nam a2200229Ii 4500
003 JO-AjNU
008 230605s9999||||xx |||||||||||||| ||und||
017 _a2009/13730
020 _a978-977-276-585-2
040 _aJO-AjNU
_bara
_erda
_cJO-AjNU
041 _aara
050 1 4 _aHF5415.2009
100 3 _aحافظ، محمد عبده,
_eauthor
_944023
245 0 0 _aبحوث التسويق
250 _aط1
264 3 1 _aالقاهرة:المكتب العربي للمعارف؛2009
300 _a287ص
_bيحتوي على ببلوغرافية من ص281-287ص
336 _atext
_btxt
_2rdacontent
337 _aunmediated
_bn
_2rdamedia
338 _avolume
_bnc
_2rdacarrier
650 4 _aالتسويق
_944024
999 _aA18972
_c22540
_d22540